Elements - Sudden Death - Statistics

General Stats
  • This quiz has been taken 214 times
  • The average score is 8 of 16
Answers on the Grid
Answers color-coded by a green-red scale on the quiz's grid according to % correct below.
Steel
Carbon
Diamond
Beryllium
Chromium
Calcarium
Praseodymium
Radon
Arsenic
Titanium
Ammonium
Exodium
Iodine
Livermodium
Nicolovium
Flavium
Rhenium
Promethium
Galvolinium
Ferrium
Adamantium
Vibranium
Protactinium
Bismuth
Tin
Boron
Gold
Chlorine
Methuline
Propylene
Chronium
Ectropium
 
Answer Stats
Answer % Correct
Carbon
63%
Gold
63%
Boron
62%
Tin
62%
Titanium
61%
Chlorine
59%
Beryllium
54%
Radon
54%
Iodine
53%
Arsenic
52%
Chromium
51%
Bismuth
46%
Rhenium
25%
Protactinium
23%
Promethium
20%
Praseodymium
15%
No matching quizzes found
Score Distribution
Percent of People with Each Score
Percentile by Number Answered
Your Score History
You have not taken this quiz